000 01189nam a2200313 c 4500
003 BLK
005 20180420214453.0
008 180412b bul|||||r ||||||| ||bul||
010 _aKNG00011236000
020 _a954-459-274-1
_bиздат.: Хермес
040 _aBLK
041 _aBUL
_cBUL
080 _aАмериканска литература (на САЩ)
_b821.111(73)
_x-31
_z821.111(73)-31
100 1 _aМакКю, Ноел Бери
_eпърви автор
_991309
700 1 _aСтоилова, Пепа Стоилова
_eпрев. от англ.
_9254838
139 _aМакКю, Ноел Бери
_bM 19
245 1 0 _aЗора на надеждата
_bРоман
_cНоел Бери МакКю; прев. от англ. Пепа Стоилова Стоилова.
257 _aUSA
260 Пловдив
_bХермес
_c1996
300 _a132 с.
_c20 см
380 _aX
490 1 _aНови любовни романи
_v39
500 _aОриг. загл. Ocean of Regrets / Noelle Berry McCue
852 _aЦб 185978
856 4 _qpdf
_u
856 4 _qpdf
_u
942 _cKNG
_n0
944 _aCR
_c15.01.2003
_kГеновева_Генчева
944 _aED
_c10.03.2010
_k
999 _c9801
_d9801